High School English Grammar & Composition (Record no. 329250)
[ view plain ]
| 000 -LEADER | |
|---|---|
| fixed length control field | 00379 a2200109 4500 |
| 003 - CONTROL NUMBER IDENTIFIER | |
| control field | Nust |
| 005 - DATE AND TIME OF LATEST TRANSACTION | |
| control field | 20170502110034.0 |
| 008 - FIXED-LENGTH DATA ELEMENTS--GENERAL INFORMATION | |
| fixed length control field | 170502b xxu||||| |||| 00| 0 eng d |
| 040 ## - CATALOGING SOURCE | |
| Transcribing agency | 0 |
| 082 ## - DEWEY DECIMAL CLASSIFICATION NUMBER | |
| Classification number | 428.2 WRE |
| 100 ## - MAIN ENTRY--PERSONAL NAME | |
| Personal name | Wren,P.C |
| 245 ## - TITLE STATEMENT | |
| Title | High School English Grammar & Composition |
| Statement of responsibility, etc. | P.C.Wren |
| 260 ## - PUBLICATION, DISTRIBUTION, ETC. | |
| Place of publication, distribution, etc. | National Book Foundation |
| Name of publisher, distributor, etc. | Rawalpindi |
| Date of publication, distribution, etc. | 2008 |
| 300 ## - PHYSICAL DESCRIPTION | |
| Extent | 418p. |
| 500 ## - GENERAL NOTE | |
| General note | H.B |
| 942 ## - ADDED ENTRY ELEMENTS (KOHA) | |
| Koha item type | Book |
| Call number prefix | 428.2 WRE |
| Source of classification or shelving scheme | |
| Withdrawn status | Lost status | Source of classification or shelving scheme | Damaged status | Not for loan | Collection code | Permanent Location | Current Location | Shelving location | Date acquired | Total Checkouts | Full call number | Barcode | Date last seen | Date last checked out | Price effective from | Koha item type |
|---|---|---|---|---|---|---|---|---|---|---|---|---|---|---|---|---|
| Institute of Environmental Science and Engineering (IESE) | Institute of Environmental Science and Engineering (IESE) | General Stacks | 05/02/2017 | 1 | 428.2 WRE | IESE-1574 | 08/02/2022 | 04/21/2021 | 05/02/2017 | Book |
